000 00640nam a2200193 a 4500
005 20240924064302.0
008 991125s1976 mx 000 0 spa u
035 _aUPN01000047574
049 _aCG
050 4 _aLB2365 H6
_bK5.6
100 1 _aKnauth, Lothar,
_d1931-
_936923
245 1 0 _aPrograma de historia universal moderna y contemporánea :
_bsemestre I /
_cLothar Knauth
260 _aMéxico :
_bANUIES,
_c1976.
300 _a59 p.
500 _a"Programa de desarrollo del ciclo superior de la enseñanzamedia"
650 4 _aEducación
_vPlanes y programas
_96413
650 4 _aHistoria
_xPlanes y programas
_95916
905 _aLibro
999 _c47574
_d47574